[Event "8. Copenhagen Open Politiken Cup"]
[Site "Copenhagen"]
[Date "1986.??.??"]
[Round "4"]
[White "Wiedenkeller, Michael"]
[Black "Poulsen, Allan"]
[Result "1-0"]
[WhiteElo "2455"]
[BlackElo "2315"]
[PlyCount "171"]
[EventDate "1986.??.??"]
[EventType "swiss"]
[EventRounds "10"]
[EventCountry "DEN"]
[SourceDate "2004.01.01"]

1. c4 e6 2. Nc3 c5 3. Nf3 d5 4. cxd5 exd5 5. d4 Nc6 6. g3 Nf6 7. Bg2 Be7 8. O-O
O-O 9. Bg5 cxd4 10. Nxd4 h6 11. Bf4 Bg4 12. h3 Be6 13. Nxe6 fxe6 14. e4 d4 15.
e5 dxc3 16. exf6 Bxf6 17. bxc3 Bxc3 18. Rc1 Qf6 19. Bxc6 bxc6 20. Qb3 Be5 21.
Bxe5 Qxe5 22. Rfe1 Qd5 23. Rxe6 Qxb3 24. axb3 Rf3 25. Rcxc6 Raf8 26. Rc2 Rxb3
27. Re7 Rbf3 28. Rxa7 R8f7 29. Ra6 R3f6 30. Ra3 Rf3 31. Ra6 R3f6 32. Ra4 g5 33.
h4 Kh7 34. h5 Kg7 35. Rg4 Rf3 36. Kg2 Kh7 37. Re4 R3f6 38. Re3 Kg7 39. f3 Rf8
40. Rc7+ R8f7 41. Rc8 Rf8 42. Rc4 R8f7 43. Kf2 Ra6 44. Kg2 Raf6 45. Rcc3 Rf8
46. Kh3 R8f7 47. Kg4 Rf8 48. Re4 R8f7 49. Rc8 Rf8 50. Re7+ R6f7 51. Rcc7 Rxe7
52. Rxe7+ Kh8 53. f4 gxf4 54. gxf4 Rg8+ 55. Kf5 Rg1 56. Kf6 Kg8 57. f5 Rg2 58.
Re8+ Kh7 59. Kf7 Rg7+ 60. Ke6 Rg2 61. Re7+ Kg8 62. Re8+ Kh7 63. Rd8 Rg1 64. Rd6
Kg8 65. Ke7 Re1+ 66. Re6 Rf1 67. f6 Rf2 68. Re1 Rf3 69. Rg1+ Kh7 70. Rg7+ Kh8
71. Rg6 Re3+ 72. Kf8 Kh7 73. f7 Re1 74. Rd6 Re2 75. Rd7 Re1 76. Re7 Ra1 77. Re6
Ra8+ 78. Ke7 Ra7+ 79. Kf6 Ra8 80. Re8 Rxe8 81. fxe8=N Kh8 82. Kg6 Kg8 83. Nd6
Kh8 84. Nf7+ Kg8 85. Nxh6+ Kh8 86. Nf7+ 1-0

[Event "8. Copenhagen Open Politiken Cup"]
[Site "Copenhagen"]
[Date "1986.??.??"]
[Round "5"]
[White "Chernin, Alexander"]
[Black "Murey, Jacob"]
[Result "0-1"]
[WhiteElo "2570"]
[BlackElo "2460"]
[PlyCount "79"]
[EventDate "1986.??.??"]
[EventType "swiss"]
[EventRounds "10"]
[EventCountry "DEN"]
[SourceDate "2004.01.01"]

1. d4 d5 2. c4 c6 3. e3 Nf6 4. Bd3 g6 5. Nf3 Bg7 6. O-O O-O 7. Nc3 a6 8. Qc2 b5
9. b3 Nbd7 10. h3 Bb7 11. c5 a5 12. a3 e5 13. dxe5 Ne8 14. Ne2 Qe7 15. e4 dxe4
16. Bxe4 Nxc5 17. Ng3 Nxe4 18. Nxe4 c5 19. Re1 Rc8 20. Bg5 Bxe4 21. Qxe4 Qe6
22. Qh4 Nc7 23. Bh6 Bxh6 24. Qxh6 f6 25. Rad1 Rf7 26. Rd6 Qxb3 27. Rxf6 Ne8 28.
Ng5 Nxf6 29. exf6 Rd7 30. Kh2 Qd5 31. f4 Qf5 32. f7+ Rxf7 33. Nxf7 Qxf7 34. f5
Qf8 35. Qh4 Qxf5 36. Re7 h5 37. Qg3 Rf8 38. Re5 h4 39. Qe3 Qf4+ 40. Qxf4 {time}
0-1

[Event "8. Copenhagen Open Politiken Cup"]
[Site "Copenhagen"]
[Date "1986.??.??"]
[Round "5"]
[White "Cserna, Laszlo"]
[Black "Smyslov, Vassily"]
[Result "1-0"]
[WhiteElo "2390"]
[BlackElo "2575"]
[PlyCount "141"]
[EventDate "1986.??.??"]
[EventType "swiss"]
[EventRounds "10"]
[EventCountry "DEN"]
[SourceDate "2004.01.01"]

1. d4 Nf6 2. Nf3 d5 3. c4 e6 4. Bg5 Nbd7 5. e3 c6 6. Nbd2 h6 7. Bh4 Be7 8. Bd3
b6 9. O-O Bb7 10. Qe2 O-O 11. e4 Nxe4 12. Nxe4 Bxh4 13. cxd5 cxd5 14. Nd6 Bc6
15. Nxh4 Qxh4 16. Rac1 Nb8 17. Qe5 Be8 18. Nxe8 Rxe8 19. Rc7 Rd8 20. g3 Qh3 21.
Bb5 a6 22. Qf4 Qh5 23. Be2 Qg6 24. Bd3 f5 25. Rfc1 Nd7 26. Rb7 Nf6 27. Rxb6 Qf7
28. Rc7 Rd7 29. Rxd7 Qxd7 30. Qe5 Re8 31. Bxa6 Ng4 32. Qe2 Re7 33. Bb5 Qc8 34.
Kg2 Kf7 35. Rc6 Qb8 36. a4 Qa7 37. Qd3 g6 38. Ra6 Qb8 39. Qd2 g5 40. Qa5 Qh8
41. Qc3 h5 42. f3 Nf6 43. Rc6 g4 44. Rc7 Rxc7 45. Qxc7+ Kg6 46. Be2 gxf3+ 47.
Bxf3 Qa8 48. a5 Qa6 49. Qb6 Qd3 50. Qxe6 Qxd4 51. a6 Qxb2+ 52. Kh3 Qd4 53.
Bxh5+ Kg5 54. Bf3 Qf2 55. Qe2 Qg1 56. Qe7 Qf1+ 57. Bg2 Qd1 58. Bxd5 Qxd5 59.
Qg7+ Kh5 60. Qxf6 Qf3 61. Qh8+ Kg5 62. Qh4+ Kg6 63. Qc4 Qf2 64. Qf4 Qa2 65.
Qd6+ Kh5 66. Qf6 Qb1 67. Qf7+ Kg5 68. Qe7+ Kg6 69. Qe6+ Kg5 70. Qe3+ Kg6 71. a7
1-0

[Event "8. Copenhagen Open Politiken Cup"]
[Site "Copenhagen"]
[Date "1986.??.??"]
[Round "5"]
[White "Jacoby, Gisbert"]
[Black "Varasdy, Imre"]
[Result "1/2-1/2"]
[WhiteElo "2290"]
[BlackElo "2350"]
[PlyCount "61"]
[EventDate "1986.??.??"]
[EventType "swiss"]
[EventRounds "10"]
[EventCountry "DEN"]
[SourceDate "2004.01.01"]

1. e4 d6 2. d4 Nf6 3. Nc3 g6 4. Be3 Bg7 5. Qd2 c6 6. Bd3 e5 7. dxe5 dxe5 8. Nf3
Qe7 9. Bh6 O-O 10. Bxg7 Kxg7 11. O-O Bg4 12. Qe3 Bxf3 13. Qxf3 Nbd7 14. a3 Nc5
15. Rad1 Rad8 16. Rfe1 Rd7 17. Qe3 Rfd8 18. Be2 Rd4 19. f3 Ne6 20. Bd3 Qc5 21.
Ne2 R4d6 22. Kf2 Qa5 23. Nc1 Nc5 24. Be2 Qb6 25. Rxd6 Rxd6 26. Bd3 Nfd7 27. b4
Nxd3+ 28. Nxd3 Qa6 29. Nb2 Rd4 30. Rd1 Rxd1 31. Nxd1 1/2-1/2

[Event "8. Copenhagen Open Politiken Cup"]
[Site "Copenhagen"]
[Date "1986.??.??"]
[Round "5"]
[White "Jakobsen, Ole"]
[Black "Ernst, Thomas"]
[Result "1-0"]
[WhiteElo "2385"]
[BlackElo "2455"]
[PlyCount "123"]
[EventDate "1986.??.??"]
[EventType "swiss"]
[EventRounds "10"]
[EventCountry "DEN"]
[SourceDate "2004.01.01"]

1. c4 g6 2. Nc3 Bg7 3. g3 Nf6 4. Bg2 O-O 5. Nf3 d6 6. O-O Nc6 7. d3 e5 8. Rb1
Re8 9. Bg5 h6 10. Bxf6 Bxf6 11. b4 Bg7 12. b5 Ne7 13. Nd2 h5 14. Nd5 h4 15. a4
Rb8 16. Ne4 Nxd5 17. cxd5 f5 18. Nd2 f4 19. Ne4 Rf8 20. e3 hxg3 21. hxg3 Bh6
22. Qe2 Bf5 23. g4 Bd7 24. Bf3 Qe7 25. Rbc1 Rbc8 26. Kg2 Kg7 27. Rh1 Bg5 28.
Rh3 Bh4 29. Rch1 Rh8 30. exf4 exf4 31. Qb2+ Kf7 32. Qd4 b6 33. R3h2 g5 34. Rc1
Rhe8 35. Rhh1 Qe5 36. Qc4 Kg8 37. Rhe1 Re7 38. Re2 Qg7 39. Rcc2 Rf8 40. Qc3 Qf7
41. Qd4 Bc8 42. Rc4 Bb7 43. Nc3 a5 44. bxa6 Bxa6 45. Rb4 Qg7 46. Ne4 Qxd4 47.
Rxd4 Kf7 48. Nc3 Rfe8 49. Be4 Kg7 50. Kf3 Rh8 51. Rc2 Kf6 52. Re2 Bc8 53. Nb5
Bxf2 54. Rxf2 Rh3+ 55. Ke2 Bxg4+ 56. Kd2 Bf5 57. Rc4 Bxe4 58. dxe4 Ke5 59. Nxc7
g4 60. Ne6 g3 61. Rxf4 Rxe6 62. Rf5# 1-0

[Event "8. Copenhagen Open Politiken Cup"]
[Site "Copenhagen"]
[Date "1986.??.??"]
[Round "5"]
[White "Kaspersen, Morten"]
[Black "Bjerring, Kai"]
[Result "1-0"]
[WhiteElo "2215"]
[BlackElo "2315"]
[PlyCount "123"]
[EventDate "1986.??.??"]
[EventType "swiss"]
[EventRounds "10"]
[EventCountry "DEN"]
[SourceDate "2004.01.01"]

1. d4 Nf6 2. c4 c5 3. d5 e6 4. Nc3 exd5 5. cxd5 g6 6. e4 d6 7. f4 Bg7 8. Bb5+
Nfd7 9. a4 Qh4+ 10. g3 Qe7 11. Nf3 O-O 12. O-O f6 13. Re1 Na6 14. a5 Rb8 15.
Bc4 Nc7 16. Qd3 Re8 17. b3 a6 18. Ra2 b5 19. axb6 Nxb6 20. Rae2 Nxc4 21. bxc4
Bg4 22. h3 Bxf3 23. Qxf3 Rb4 24. Qd3 Qd7 25. g4 Rb3 26. Bd2 Reb8 27. Kh1 Ne8
28. Re3 g5 29. Qf1 gxf4 30. Qxf4 Qe7 31. Rg3 Qe5 32. Qf3 R8b7 33. Re2 Rf7 34.
Rf2 Rf8 35. h4 Rb7 36. h5 h6 37. Qd3 Rb3 38. Rgf3 Rf7 39. Rf5 Qd4 40. Qxd4 cxd4
41. Ne2 Rc7 42. Nxd4 Rb1+ 43. Rf1 Rxf1+ 44. Rxf1 Rxc4 45. Be3 f5 46. Nxf5 Rxe4
47. Bf4 Nc7 48. Nxd6 Rxf4 49. Rxf4 Be5 50. Rc4 Bxd6 51. Rc6 Ne8 52. Rxa6 Kf7
53. Kg2 Kf6 54. Kf3 Ke5 55. Ra8 Nf6 56. Rh8 Kxd5 57. Rxh6 Nd7 58. Rh7 Ne5+ 59.
Kf4 Nc4+ 60. Kg5 Ke6 61. h6 Be7+ 62. Kh5 1-0

[Event "8. Copenhagen Open Politiken Cup"]
[Site "Copenhagen"]
[Date "1986.??.??"]
[Round "5"]
[White "Kojder, Konrad"]
[Black "Ochsner, Thomas"]
[Result "1-0"]
[WhiteElo "2340"]
[BlackElo "2275"]
[PlyCount "81"]
[EventDate "1986.??.??"]
[EventType "swiss"]
[EventRounds "10"]
[EventCountry "DEN"]
[SourceDate "2004.01.01"]

1. d4 Nf6 2. c4 e5 3. dxe5 Ng4 4. Nf3 Nc6 5. Bf4 Bb4+ 6. Nbd2 Qe7 7. a3 Ngxe5
8. Nxe5 Nxe5 9. e3 Bxd2+ 10. Qxd2 d6 11. Be2 Bd7 12. Qc3 Bc6 13. O-O g5 14.
Bxe5 Qxe5 15. Rac1 O-O-O 16. b4 Rhe8 17. Bg4+ Kb8 18. b5 Be4 19. Rfd1 Qxc3 20.
Rxc3 b6 21. f3 Bg6 22. Rd5 Re5 23. f4 Rxd5 24. cxd5 h5 25. Be2 g4 26. Bd3 Bxd3
27. Rxd3 Re8 28. Kf2 h4 29. Rd4 a6 30. bxa6 Ka7 31. Rc4 Re7 32. f5 g3+ 33. hxg3
hxg3+ 34. Kxg3 b5 35. f6 Rxe3+ 36. Kf4 Rxa3 37. Rxc7+ Kxa6 38. Rxf7 Ra1 39. Rd7
b4 40. Rxd6+ Kb7 41. Rc6 1-0

[Event "8. Copenhagen Open Politiken Cup"]
[Site "Copenhagen"]
[Date "1986.??.??"]
[Round "5"]
[White "Mathe, Gaspar"]
[Black "Hoi, Carsten"]
[Result "0-1"]
[WhiteElo "2310"]
[BlackElo "2405"]
[PlyCount "84"]
[EventDate "1986.??.??"]
[EventType "swiss"]
[EventRounds "10"]
[EventCountry "DEN"]
[SourceDate "2004.01.01"]

1. e4 d6 2. d4 Nf6 3. Nc3 g6 4. Nf3 Bg7 5. Be2 O-O 6. O-O Bg4 7. h3 Bxf3 8.
Bxf3 Nc6 9. d5 Ne5 10. Be2 c6 11. Be3 Qa5 12. Qd2 Rfc8 13. f4 Ned7 14. dxc6
Rxc6 15. Bf3 e5 16. f5 Nb6 17. fxg6 hxg6 18. Qf2 Nc4 19. Bc1 Qb6 20. Nd1 Qxf2+
21. Rxf2 Nb6 22. b3 a5 23. c4 a4 24. Rb1 axb3 25. axb3 Nbd7 26. Nc3 Nc5 27. Be3
Ra3 28. Rfb2 Rca6 29. g4 Nfd7 30. Be2 f5 31. gxf5 gxf5 32. Bf3 f4 33. Bd2 Nd3
34. Rc2 N7c5 35. Be2 Nb4 36. Rcb2 Ncd3 37. Bxd3 Nxd3 38. Rc2 f3 39. Na4 d5 40.
cxd5 Rg6+ 41. Kf1 f2 42. Ke2 Rg1 0-1

[Event "8. Copenhagen Open Politiken Cup"]
[Site "Copenhagen"]
[Date "1986.??.??"]
[Round "5"]
[White "Pigusov, Evgeny"]
[Black "Kruszynski, Wlodzimierz"]
[Result "1/2-1/2"]
[WhiteElo "2495"]
[BlackElo "2360"]
[PlyCount "56"]
[EventDate "1986.??.??"]
[EventType "swiss"]
[EventRounds "10"]
[EventCountry "DEN"]
[SourceDate "2004.01.01"]

1. e4 c5 2. Nf3 d6 3. d4 cxd4 4. Nxd4 Nf6 5. Nc3 a6 6. Be3 e5 7. Nb3 Be6 8. Nd5
Nbd7 9. f3 Bxd5 10. exd5 Qc7 11. Qd2 Be7 12. Na5 O-O 13. Be2 Nb8 14. Nc4 Nbd7
15. Na5 Rfc8 16. c4 Nb8 17. b4 b6 18. Nb3 a5 19. a3 axb4 20. axb4 Rxa1+ 21.
Nxa1 b5 22. cxb5 Qb7 23. Nb3 Qxd5 24. Na5 Qxd2+ 25. Bxd2 Nfd7 26. Bd3 d5 27.
Ke2 g6 28. g4 Bd8 1/2-1/2

[Event "8. Copenhagen Open Politiken Cup"]
[Site "Copenhagen"]
[Date "1986.??.??"]
[Round "5"]
[White "Poulsen, Allan"]
[Black "Lind, Jan Olov"]
[Result "1-0"]
[WhiteElo "2315"]
[BlackElo "2260"]
[PlyCount "69"]
[EventDate "1986.??.??"]
[EventType "swiss"]
[EventRounds "10"]
[EventCountry "DEN"]
[SourceDate "2004.01.01"]

1. e4 c5 2. Nf3 e6 3. d4 cxd4 4. Nxd4 Nf6 5. Nc3 d6 6. Be2 a6 7. f4 Be7 8. O-O
O-O 9. Be3 Qc7 10. a4 b6 11. Bf3 Bb7 12. Qe2 Nc6 13. Nb3 Nb4 14. a5 b5 15. g4
d5 16. e5 Nd7 17. Rac1 g5 18. Nd4 gxf4 19. Bxf4 Bc5 20. Qd2 Nxe5 21. Nce2 Nbc6
22. Bh6 Rfe8 23. Kh1 Ng6 24. c3 Bf8 25. b4 Nce5 26. Bxf8 Rxf8 27. Qh6 Nc4 28.
Ng3 Rae8 29. Nh5 f6 30. Bg2 Nce5 31. h3 Qe7 32. Nxe6 Rf7 33. Nd4 Bc8 34. Bxd5
Bb7 35. Qg7# 1-0

[Event "8. Copenhagen Open Politiken Cup"]
[Site "Copenhagen"]
[Date "1986.??.??"]
[Round "5"]
[White "Rewitz, Poul"]
[Black "Ostenstad, Berge"]
[Result "0-1"]
[WhiteElo "2295"]
[BlackElo "2370"]
[PlyCount "62"]
[EventDate "1986.??.??"]
[EventType "swiss"]
[EventRounds "10"]
[EventCountry "DEN"]
[SourceDate "2004.01.01"]

1. g3 e5 2. c4 f5 3. Bg2 Nf6 4. Nc3 Be7 5. e3 c6 6. Nge2 O-O 7. d4 d6 8. O-O a5
9. b3 Qe8 10. Qc2 Na6 11. a3 Qh5 12. Na4 Bd8 13. Re1 Ng4 14. h3 Nf6 15. c5 f4
16. dxe5 dxe5 17. g4 Bxg4 18. hxg4 Nxg4 19. exf4 Qh2+ 20. Kf1 Nxf2 21. Ng1 Ng4
22. Be4 Qh5 23. Re2 Bg5 24. f5 Rad8 25. Bxg5 Qxg5 26. Qc1 Qh5 27. Qc2 g6 28.
Bd3 Nc7 29. Rd1 Kh8 30. Ke1 gxf5 31. Rdd2 Nd5 0-1

[Event "8. Copenhagen Open Politiken Cup"]
[Site "Copenhagen"]
[Date "1986.??.??"]
[Round "5"]
[White "Rodgaard, John"]
[Black "De Boer, Gert Jan"]
[Result "1/2-1/2"]
[WhiteElo "2350"]
[BlackElo "2430"]
[PlyCount "42"]
[EventDate "1986.??.??"]
[EventType "swiss"]
[EventRounds "10"]
[EventCountry "DEN"]
[SourceDate "2004.01.01"]

1. c4 Nf6 2. Nf3 g6 3. b3 Bg7 4. Bb2 O-O 5. g3 c6 6. Bg2 d5 7. O-O Bg4 8. d3
Nbd7 9. Nbd2 Re8 10. Qc2 e5 11. e4 dxe4 12. dxe4 Bxf3 13. Nxf3 Nc5 14. Bxe5
Nfxe4 15. Bxg7 Kxg7 16. b4 Nd7 17. Rad1 Qc7 18. Nd4 Nef6 19. c5 Re7 20. Rfe1
Rae8 21. Qc3 Rxe1+ 1/2-1/2

[Event "8. Copenhagen Open Politiken Cup"]
[Site "Copenhagen"]
[Date "1986.??.??"]
[Round "5"]
[White "Sehner, Norbert"]
[Black "Wiedenkeller, Michael"]
[Result "1-0"]
[WhiteElo "2375"]
[BlackElo "2455"]
[PlyCount "83"]
[EventDate "1986.??.??"]
[EventType "swiss"]
[EventRounds "10"]
[EventCountry "DEN"]
[SourceDate "2004.01.01"]

1. c4 e5 2. g3 g6 3. Bg2 Bg7 4. Nc3 d6 5. e3 f5 6. Nge2 Nf6 7. b3 O-O 8. O-O a5
9. Bb2 Na6 10. d3 c6 11. Qd2 Be6 12. f4 Bf7 13. Rad1 Re8 14. h3 Nc5 15. Ba3
exf4 16. exf4 Qc7 17. Kh2 Rab8 18. Bb2 b5 19. Nd4 b4 20. Nce2 d5 21. Nf3 Rbd8
22. Ne5 dxc4 23. bxc4 Rd6 24. Nd4 Nh5 25. Qf2 Rxe5 26. fxe5 Bxe5 27. Nxf5 Rf6
28. Bxe5 Qxe5 29. Nh6+ Kg7 30. Ng4 Rxf2 31. Nxe5 Rxf1 32. Rxf1 Be8 33. d4 Ne6
34. Bxc6 Nf6 35. Bxe8 Nxe8 36. Rf7+ Kg8 37. Re7 N8g7 38. Nc6 Kf8 39. d5 Nd4 40.
Rxg7 Nf3+ 41. Kg2 Ne1+ 42. Kf1 1-0

[Event "8. Copenhagen Open Politiken Cup"]
[Site "Copenhagen"]
[Date "1986.??.??"]
[Round "5"]
[White "Stein, Bernd"]
[Black "Fette, Martin"]
[Result "1/2-1/2"]
[WhiteElo "2405"]
[BlackElo "2320"]
[PlyCount "20"]
[EventDate "1986.??.??"]
[EventType "swiss"]
[EventRounds "10"]
[EventCountry "DEN"]
[SourceDate "2004.01.01"]

1. e4 c6 2. d4 d5 3. exd5 cxd5 4. c4 Nf6 5. Nc3 Nc6 6. Nf3 Be6 7. cxd5 Bxd5 8.
Be2 e6 9. O-O Be7 10. Ne5 Qb6 1/2-1/2

[Event "8. Copenhagen Open Politiken Cup"]
[Site "Copenhagen"]
[Date "1986.??.??"]
[Round "5"]
[White "Vadasz, Laszlo"]
[Black "Sorensen, Bent"]
[Result "0-1"]
[WhiteElo "2370"]
[BlackElo "2295"]
[PlyCount "70"]
[EventDate "1986.??.??"]
[EventType "swiss"]
[EventRounds "10"]
[EventCountry "DEN"]
[SourceDate "2004.01.01"]

1. Nf3 Nf6 2. g3 d5 3. Bg2 e6 4. O-O Be7 5. d4 O-O 6. c4 dxc4 7. Qa4 a6 8. Qxc4
b5 9. Qc2 Bb7 10. Bf4 Nd5 11. Nc3 Nxf4 12. gxf4 Ra7 13. Rfd1 Nd7 14. Ne4 Qa8
15. Nc5 Nxc5 16. dxc5 Be4 17. Qc3 Bf6 18. Qb3 Qc6 19. Rac1 Raa8 20. Ne1 Rfd8
21. Qb4 Bxg2 22. Nxg2 Rxd1+ 23. Rxd1 a5 24. Qd2 Qxc5 25. Ne3 g6 26. Rc1 Qd4 27.
Qxd4 Bxd4 28. Rxc7 Bxb2 29. Rb7 b4 30. Nc4 Bc3 31. Nd6 a4 32. Nxf7 b3 33. a3
Bb2 34. Nh6+ Kf8 35. Rxh7 Bg7 0-1

[Event "8. Copenhagen Open Politiken Cup"]
[Site "Copenhagen"]
[Date "1986.??.??"]
[Round "6"]
[White "Berg, Klaus"]
[Black "Chernin, Alexander"]
[Result "0-1"]
[WhiteElo "2375"]
[BlackElo "2570"]
[PlyCount "68"]
[EventDate "1986.??.??"]
[EventType "swiss"]
[EventRounds "10"]
[EventCountry "DEN"]
[SourceDate "2004.01.01"]

1. Nf3 Nf6 2. c4 c6 3. d4 d5 4. cxd5 cxd5 5. Nc3 Nc6 6. Bf4 Bf5 7. e3 e6 8. Bd3
Bxd3 9. Qxd3 Be7 10. h3 O-O 11. O-O Nd7 12. Rfc1 Rc8 13. Nd2 b6 14. a3 Nf6 15.
Ne2 Na5 16. Rxc8 Qxc8 17. Rc1 Nc4 18. Rc2 Qe8 19. Bc7 Nxd2 20. Bxb6 Nc4 21. Bc5
Bxc5 22. dxc5 Qb5 23. e4 Qxc5 24. exd5 exd5 25. Nf4 h5 26. Qxd5 Qe7 27. Re2 Qc7
28. Qf3 Nxb2 29. Nd5 Qc1+ 30. Kh2 Nc4 31. Qg4 Qxa3 32. Ne7+ Kh8 33. Kh1 Qd6 34.
g3 g6 0-1

[Event "8. Copenhagen Open Politiken Cup"]
[Site "Copenhagen"]
[Date "1986.??.??"]
[Round "6"]
[White "De Boer, Gert Jan"]
[Black "Fette, Martin"]
[Result "1/2-1/2"]
[WhiteElo "2430"]
[BlackElo "2320"]
[PlyCount "34"]
[EventDate "1986.??.??"]
[EventType "swiss"]
[EventRounds "10"]
[EventCountry "DEN"]
[SourceDate "2004.01.01"]

1. d4 Nf6 2. Nf3 g6 3. c4 Bg7 4. Nc3 d5 5. Bg5 Ne4 6. cxd5 Nxg5 7. Nxg5 e6 8.
Nf3 exd5 9. e3 c6 10. Be2 Bf8 11. Rb1 a5 12. O-O Bd6 13. Qc2 O-O 14. Rfe1 Nd7
15. Na4 Qe7 16. a3 Nf6 17. Nc5 Bf5 1/2-1/2

[Event "8. Copenhagen Open Politiken Cup"]
[Site "Copenhagen"]
[Date "1986.??.??"]
[Round "6"]
[White "Ernst, Thomas"]
[Black "Rodgaard, John"]
[Result "1-0"]
[WhiteElo "2455"]
[BlackElo "2350"]
[PlyCount "109"]
[EventDate "1986.??.??"]
[EventType "swiss"]
[EventRounds "10"]
[EventCountry "DEN"]
[SourceDate "2004.01.01"]

1. e4 e6 2. d4 d5 3. Nd2 Nf6 4. e5 Nfd7 5. Bd3 c5 6. c3 Nc6 7. Ne2 cxd4 8. cxd4
f6 9. Nf4 Nxd4 10. Qh5+ Ke7 11. exf6+ Nxf6 12. Ng6+ hxg6 13. Qxh8 Kf7 14. O-O
e5 15. Nf3 Nxf3+ 16. gxf3 Nh5 17. Bxg6+ Kxg6 18. Kh1 Nf6 19. Rg1+ Kf7 20. Rxg7+
Ke6 21. Bg5 Be7 22. Rxe7+ Qxe7 23. Rc1 Kf7 24. Rxc8 Rxc8 25. Qxc8 Kg6 26. Bh4
e4 27. Qc3 exf3 28. Qxf3 Qe4 29. Qxe4+ Nxe4 30. Kg2 Nc5 31. f3 Nd3 32. Bf2 Nxb2
33. Bxa7 Nc4 34. Kf2 Kf5 35. Ke2 Ne5 36. Bd4 Nc6 37. Bc3 d4 38. Bd2 Ne5 39. h4
Kg6 40. f4 Nc6 41. Kd3 Kh5 42. Be1 Kg4 43. Ke4 Ne7 44. Kxd4 Kxf4 45. Kc5 Nc8
46. Kd5 Kf5 47. Bf2 Kf6 48. Bc5 Kf5 49. a4 Kf6 50. a5 Kf5 51. h5 Kg5 52. Ke6 b6
53. Bxb6 Kxh5 54. Kd7 Nxb6+ 55. axb6 1-0

[Event "8. Copenhagen Open Politiken Cup"]
[Site "Copenhagen"]
[Date "1986.??.??"]
[Round "6"]
[White "Hartung Nielsen, Jens"]
[Black "Kaspersen, Morten"]
[Result "1/2-1/2"]
[WhiteElo "2290"]
[BlackElo "2215"]
[PlyCount "22"]
[EventDate "1986.??.??"]
[EventType "swiss"]
[EventRounds "10"]
[EventCountry "DEN"]
[SourceDate "2004.01.01"]

1. d4 d5 2. c4 c6 3. Nc3 Nf6 4. e3 g6 5. Nf3 Bg7 6. Be2 O-O 7. O-O Re8 8. b3
Bg4 9. Bb2 Nbd7 10. h3 Bxf3 11. Bxf3 e6 1/2-1/2

[Event "8. Copenhagen Open Politiken Cup"]
[Site "Copenhagen"]
[Date "1986.??.??"]
[Round "6"]
[White "Knudsen, Per"]
[Black "Knudsen, Jes West"]
[Result "1-0"]
[WhiteElo "2325"]
[BlackElo "2240"]
[PlyCount "79"]
[EventDate "1986.??.??"]
[EventType "swiss"]
[EventRounds "10"]
[EventCountry "DEN"]
[SourceDate "2004.01.01"]

1. Nf3 f5 2. c4 Nf6 3. g3 g6 4. Bg2 Bg7 5. O-O O-O 6. Nc3 d6 7. Rb1 a5 8. a3 e5
9. d3 h6 10. b4 axb4 11. axb4 Nc6 12. Bd2 g5 13. b5 Ne7 14. Ne1 Rb8 15. Nc2 f4
16. Nb4 Bd7 17. Ncd5 Nfxd5 18. Nxd5 Ng6 19. Ba5 b6 20. Bc3 c6 21. bxc6 Bxc6 22.
e3 Kh8 23. Nxf4 gxf4 24. Bxc6 fxe3 25. fxe3 Rxf1+ 26. Qxf1 Qg5 27. Qe2 h5 28.
Kh1 Bh6 29. Bd2 h4 30. gxh4 Qxh4 31. Rg1 Ne7 32. Be4 b5 33. Be1 Qf6 34. Qh5 Rg8
35. Bh4 Rxg1+ 36. Kxg1 Qg7+ 37. Kf2 Ng8 38. cxb5 Nf6 39. Qf5 Nxe4+ 40. dxe4 1-0

[Event "8. Copenhagen Open Politiken Cup"]
[Site "Copenhagen"]
[Date "1986.??.??"]
[Round "6"]
[White "Lind, Jan Olov"]
[Black "Rewitz, Poul"]
[Result "0-1"]
[WhiteElo "2260"]
[BlackElo "2295"]
[PlyCount "80"]
[EventDate "1986.??.??"]
[EventType "swiss"]
[EventRounds "10"]
[EventCountry "DEN"]
[SourceDate "2004.01.01"]

1. e4 e6 2. d3 c5 3. Nf3 Nc6 4. g3 g6 5. Bg2 Bg7 6. O-O Nge7 7. Nbd2 O-O 8. a3
d5 9. Rb1 b5 10. Re1 a5 11. e5 Qc7 12. Qe2 Ba6 13. Nb3 Nf5 14. c3 c4 15. dxc4
bxc4 16. Nbd2 Nb8 17. g4 Ne7 18. Nd4 Nd7 19. f4 Rfe8 20. N2f3 Nc5 21. Rf1 Nd3
22. Be3 Rab8 23. Rfd1 Nc5 24. Qf2 Nd3 25. Qd2 Rb6 26. Ng5 Reb8 27. b4 cxb3 28.
Bf1 Nc5 29. Bxa6 Rxa6 30. a4 h6 31. Nb5 Qc6 32. Nxf7 Kxf7 33. Nd6+ Kg8 34. f5
exf5 35. Bxh6 Bxe5 36. Nxf5 gxf5 37. Qg5+ Qg6 38. Qxe7 Qxg4+ 39. Kf2 Ne4+ 40.
Ke3 f4+ 0-1

[Event "8. Copenhagen Open Politiken Cup"]
[Site "Copenhagen"]
[Date "1986.??.??"]
[Round "6"]
[White "Ochsner, Thomas"]
[Black "Clausen, Steen"]
[Result "1/2-1/2"]
[WhiteElo "2275"]
[BlackElo "2295"]
[PlyCount "91"]
[EventDate "1986.??.??"]
[EventType "swiss"]
[EventRounds "10"]
[EventCountry "DEN"]
[SourceDate "2004.01.01"]

1. e4 d6 2. d4 Nf6 3. Nc3 g6 4. f4 Bg7 5. Nf3 O-O 6. Bd3 Na6 7. O-O c5 8. d5
Rb8 9. Kh1 Nb4 10. Be2 e6 11. a3 Na6 12. dxe6 fxe6 13. e5 dxe5 14. Nxe5 Nd7 15.
Nc4 Bxc3 16. bxc3 Nf6 17. Qe1 Nc7 18. Ne5 Qe8 19. c4 b6 20. Bd3 Bb7 21. a4 Rd8
22. Bb2 Na6 23. a5 Nb4 24. axb6 axb6 25. Ra7 Qe7 26. Ra1 Ra8 27. Qh4 Rxa1 28.
Bxa1 Nxd3 29. cxd3 Nd5 30. Qg3 Nf6 31. Qg5 Nd5 32. Qg3 Nf6 33. Kg1 Nh5 34. Ng4
e5 35. Qe3 Rxf4 36. Rxf4 Nxf4 37. Bxe5 Nh5 38. h3 Kf7 39. Qe2 Ke8 40. Qb2 Qe6
41. Bc7 Kd7 42. Qxb6 Qxb6 43. Bxb6 Kc6 44. Ba7 Nf4 45. Ne5+ Kd6 46. Bb8+
1/2-1/2

[Event "8. Copenhagen Open Politiken Cup"]
[Site "Copenhagen"]
[Date "1986.??.??"]
[Round "6"]
[White "Ostenstad, Berge"]
[Black "Poulsen, Allan"]
[Result "0-1"]
[WhiteElo "2370"]
[BlackElo "2315"]
[PlyCount "70"]
[EventDate "1986.??.??"]
[EventType "swiss"]
[EventRounds "10"]
[EventCountry "DEN"]
[SourceDate "2004.01.01"]

1. d4 Nf6 2. c4 g6 3. Nc3 Bg7 4. e4 d6 5. Nf3 O-O 6. Be2 Bg4 7. Be3 Nfd7 8. Ng1
Bxe2 9. Ngxe2 e5 10. d5 f5 11. f3 Bh6 12. Bf2 Nf6 13. exf5 gxf5 14. Ng3 Ne8 15.
O-O Nd7 16. Qc2 Qg5 17. Rad1 b6 18. Qa4 Rf7 19. Kh1 Kh8 20. Qc6 Rd8 21. b4 Rg7
22. Rg1 Qg6 23. Qa4 Bf4 24. Nf1 Nef6 25. Ne2 Rdg8 26. Qxa7 Qh5 27. Qa3 Rg6 28.
g3 Bh6 29. Rg2 e4 30. Nd4 Ne5 31. g4 Nfxg4 32. Bg3 Nf6 33. Bxe5 dxe5 34. Rxg6
Qxg6 35. Ng3 exd4 0-1

[Event "8. Copenhagen Open Politiken Cup"]
[Site "Copenhagen"]
[Date "1986.??.??"]
[Round "6"]
[White "Pigusov, Evgeny"]
[Black "Heyken, Enno"]
[Result "1-0"]
[WhiteElo "2495"]
[BlackElo "2350"]
[PlyCount "65"]
[EventDate "1986.??.??"]
[EventType "swiss"]
[EventRounds "10"]
[EventCountry "DEN"]
[SourceDate "2004.01.01"]

1. Nf3 Nf6 2. c4 e6 3. g3 d5 4. Bg2 dxc4 5. Qc2 Nbd7 6. Na3 Nb6 7. Nxc4 Nxc4 8.
Qxc4 Bd6 9. d4 O-O 10. O-O Rb8 11. Qc2 b5 12. e4 Nd7 13. Be3 Bb7 14. Rac1 c6
15. Rfd1 Rc8 16. h4 h6 17. Ne1 Qa5 18. Nd3 b4 19. Nc5 Bxc5 20. dxc5 Ne5 21. Bf4
Ng6 22. Bd6 Rfe8 23. Qb3 Ba6 24. Rd4 Bb5 25. Rxb4 Qd8 26. a4 a5 27. Rd4 Ba6 28.
Qc3 Qf6 29. e5 Qd8 30. h5 Ne7 31. Bxe7 Qxe7 32. Qxa5 Qg5 33. Re1 1-0